Les ateliers de céramique de la Byzacène du Sud-Ouest

محفوظ في:

المؤلف الرئيسي: Nasr, Mongi (مؤلف)

التنسيق: كتاب

منشور في: Oxford Archaeopress Publishing Ltd 2025

الوسوم: إضافة وسم

لا توجد وسوم, كن أول من يضع وسما على هذه التسجيلة!

رقم الطلب:

LEADER 00640namaa2200169 4500
001 9781805830269
003 UkOxAP
005 20260405155019.0
020 |a 9781805830276 
776 1 |x 9781805830269 
245 0 0 |a Les ateliers de céramique de la Byzacène du Sud-Ouest 
100 1 |a Nasr, Mongi  |e Author  |l French 
856 4 2 |a http://library.arce.org:8087/Archaeopress/Products/9781805830276 
260 |a Oxford  |b Archaeopress Publishing Ltd  |c 2025 
270 |a Archaeopress Publishing Ltd, Summertown Pavillion, 18 -24 Middle Way, Summertown  |b Oxford  |d United Kingdom  |e OX2 7LG  |k 44-1865-311914  |m info@archaeopress.com 
942 |2 lcc  |c EBOOK 
999 |c 62153  |d 62153